Quelle est (était) la taille de ces personnalités 4 - Statistiques

Statistiques générales
  • Ce quiz a été pris 24 fois
  • Le résultat moyen est 2 sur 20
Statistiques - réponses
Hint Réponse % Correct
Francis Ford Coppola 1,82 m
19%
Francisco Franco 1,63 m
14%
Kendji Girac 1,67 m
14%
Maurane 1,67 m
14%
Catherine Laborde 1,59 m
10%
Elie Semoun 1,65 m
10%
Florence Foresti 1,66 m
10%
Anne-Sophie Lapix 1,68 m
10%
Thierry Samitier 1,85 m
10%
Roger Hanin 1,85 m
10%
Stephen King 1,91 m
10%
Christopher Lee 1,96 m
10%
J.K. Rowling 1,63 m
5%
Michel Galabru 1,71 m
5%
Omar Sharif 1,75 m
5%
Valérie Lemercier 1,77 m
5%
Jean-Luc Reichmann 1,86 m
5%
James Cameron 1,88 m
5%
Benito Mussolini 1,69 m
0%
David Bowie 1.75 m
0%
Aucun quiz correspondant
Distribution des résultats
% des personnes avec chaque résultat
Percentile par nombre de réponses
Votre historique - résultats
Vous n’avez pas pris ce quiz